000 00748nam a2200193 4500
001 121952
003 ES-MaACL
005 20250713091412.0
007 t|
008 070214s1909 xxk r ||||1| eng d
100 1 _aPoe, Edgar Allan,
_d1809-1849
_9188384
245 1 4 _aThe complete poetical works of Edgar Allan Poe
_b: with three essays on poetry /
_cedited from the original editions with memoir, textual notes, and bibliography by R. Brimley Johnson.
260 _aOxford [etc.] :
_bHenry Frowde :
_bOxford University Press,
_c1909.
300 _aLX, 316 p. :
_bil. = retr. aut. ;
_c19 cm.
700 1 _aJohnson, Reginald Brimley.
_966757
852 _aES-MaACL
_jG-461
852 _aES-MaACL
_jG-10466
999 _c121952
_d121952